Estatísticas para Tunísia

Clique aqui para jogar o quiz

Estatísticas Gerais

  • Esse quiz foi jogado 14 vezes
  • A pontuação média é 7 de 12

Estatísticas das Respostas

HintResposta% Correto
Onde fica?África
100%
Qual é o seu idioma?Árabe
100%
Que deserto ocupa 40% da superfície do território tunisiano?Saara
100%
Qual é o seu código ISO?TUN
100%
Qual é a sua capital?Tunes
100%
De que país é independente?França
91%
Qual é o desporto mais popular?Futebol
82%
Qual é a sua moeda?Dólar tunisiano
9%
Qual é a sua religião?Islão
9%
Qual é o animal mais comum do país?Camaleão
0%
Qual é o prato típico do país?Cuscuz
0%
Qual é o género musical do país?Ma'luf
0%

Distribuição das Pontuações

Percentil de Números Respondidos

Porcentagem de Pessoas com Cada Pontuação

Sua Pontuação Histórica

Você não jogou esse quiz